| 000 | 00557nam a22001937a 4500 | ||
|---|---|---|---|
| 999 |
_c181655 _d181655 |
||
| 005 | 20210930105317.0 | ||
| 010 | _aENG-129984 | ||
| 020 |
_c250.00 _a9788193373750 |
||
| 035 | _aEN-113516 | ||
| 037 | _bDBAD/PUB | ||
| 082 | _a954.035 | ||
| 100 | _aShastri A. Rahul | ||
| 245 |
_aDenying National Roots: _bEarly Communism and India/ _cShastri A. Rahul |
||
| 250 | _a2018 | ||
| 260 | _bSahitya Niketan | ||
| 270 |
_a3-4-852, Keshavanilayam, Barkatpura _bHyderabad |
||
| 300 |
_axiv,148p _c21cm (pbk) |
||
| 942 |
_2ddc _cEN _h954.035 _mSHA |
||